Súčasné migračné toky do EÚ bakalárska práca

Na minha lista:
Detalhes bibliográficos
Autor principal: Jedinák, Boris
Autor Corporativo: Fakulta medzinárodných vzťahov EU. Katedra medzinárodných ekonomických vzťahov a hospodárskej diplomacie
Outros Autores: Seresová, Terézia, 1991-
Formato: Livro
Idioma:eslovaco
Publicado em: Bratislava 2023
Tags: Adicionar Tag
Sem tags, seja o primeiro a adicionar uma tag!

MARC

LEADER 00000nbm a2200000 4500
001 0293223
005 20240320092302.3
041 0 |a slo 
044 |a SK 
245 1 0 |a Súčasné migračné toky do EÚ  |b bakalárska práca  |c Boris Jedinák ; školiteľ: Terézia Seresová 
264 1 |a Bratislava  |c 2023 
300 |a 38 s. 
100 1 |a Jedinák, Boris 
700 1 |a Seresová, Terézia, 1991- 
710 2 |a Fakulta medzinárodných vzťahov EU. Katedra medzinárodných ekonomických vzťahov a hospodárskej diplomacie